| 000 | 00798nam a2200205Ii 4500 | ||
|---|---|---|---|
| 003 | JO-AjNU | ||
| 008 | 230605s9999||||xx |||||||||||||| ||und|| | ||
| 040 |
_aJO-AjNU _bara _erda _cJO-AjNU |
||
| 041 | _aara | ||
| 050 | 1 | 4 | _aKMM478.6.A72.1987 |
| 100 | 3 |
_aاعداد ، موسى الاعرج , _eauthor _946834 |
|
| 245 | 0 | 0 | _aمجموعة المبادئ القانونية لمحكمة النمييز بصفتها محكمة عدل عليا منذ بداية سنة 1953 حتى نهاية سنة 1987، ج1 |
| 250 | _a(د،ط) | ||
| 264 | 3 | 1 | _aعمان : نقابة المحامين ، 1987 |
| 300 | _aج1، 536ص | ||
| 336 |
_atext _btxt _2rdacontent |
||
| 337 |
_aunmediated _bn _2rdamedia |
||
| 338 |
_avolume _bnc _2rdacarrier |
||
| 650 | 4 |
_aتمييزالأحكام -- الاردن _946835 |
|
| 999 |
_aA20403 _c23971 _d23971 |
||